000 01515nam a2200349Ia 4500
001 ebr10363639
003 CaPaEBR
006 m u
007 cr cn|||||||||
008 090513s2009 ne ab sb 000 0 eng d
020 _z1607500019
020 _z9781607500018
040 _aCaPaEBR
_cCaPaEBR
035 _a(OCoLC)491258122
050 1 4 _aTS171.4
_b.B635 2009eb
100 1 _aBohemia, Erik.
245 1 4 _aThe global studio
_h[electronic resource] :
_blinking research and teaching /
_cErik Bohemia, Kerry Harman and Kristina Lauche.
246 3 _aGlobal studio :
_blinking research, teaching and learning
260 _aAmsterdam, The Netherlands :
_bIOS Press,
_cc2009.
300 _axii, 100 p. :
_bill. chiefly col.), col. maps.
490 1 _aResearch in design series,
_x1569-7258 ;
_vv. 5
504 _aIncludes bibliographical references (p. 77-87).
533 _aElectronic reproduction.
_bPalo Alto, Calif. :
_cebrary,
_d2011.
_nAvailable via World Wide Web.
_nAccess may be limited to ebrary affiliated libraries.
650 0 _aIndustrial design
_xStudy and teaching (Higher)
_zGreat Britain.
650 0 _aIndustrial design
_xStudy and teaching (Higher)
_zNetherlands.
655 7 _aElectronic books.
_2local
700 1 _aHarman, Kerry.
700 1 _aLauche, Kristina.
710 2 _aebrary, Inc.
830 0 _aResearch in design series ;
_vv. 5.
856 4 0 _uhttp://site.ebrary.com/lib/rucke/Doc?id=10363639
_zAn electronic book accessible through the World Wide Web; click to view
999 _c111782
_d111782